00693nam a2200241 a 4500001001300000003000900013005001700022008004100039020001000080082001600090100001800106245004700124260003800171300000900209500003500218505003100253650002300284700001800307902000800325942000700333952009600340999001500436nice12345678IN_TiNIC20260116011512.0050524s1889 beia grp 000 0 ara  ac10000a492.78bKAS aKassab, Salim aAl-Durratul Faridah, Fi-Al-Darusil Mufidah aBeirutbMatbatul Adabiyatahc1889 a174p aincludes index and biblioraphy2 aNotes, Bibliography, Index aArabic-Course Book1 aKassab, Salim bSRS cBK 00104070aHMIbHMId2007-06-08g100.00l0o492.78 KASp3834r2007-06-08w2026-01-16yARB c2090d2090